00723nam a2200241 a 4500001001300000003000900013005001700022008004100039020001000080082001700090100002100107245003400128260005300162300000900215500003500224505005100259650002300310700002100333902000800354942000700362952009700369999001500466nice12345678IN_TiNIC20260116011850.0050524s1923 bera grs 000 0 14g  ac10000a016.297bPFA aPfannmuller, D G aHandbuch Der Islam Literature aBerlinbVerlag Von Valter De Gruyter & Co.c1923 a436p aincludes index and biblioraphy2 aAn altogether new interpretation of Revelation aBibliography-Islam1 aPfannmuller, D G bSRS cPS 00104070aHMIbHMId2007-03-15g100.00l0o016.297 PFAp6780r2007-03-15w2026-01-16yARB c4553d4553